Normal view
MARC view
Entry Personal Name
001 - CONTROL NUMBER
- control field: 39317
003 - CONTROL NUMBER IDENTIFIER
- control field: ARRUPE
005 - DATE AND TIME OF LATEST TRANSACTION
- control field: 20180216110526.0
008 - FIXED-LENGTH DATA ELEMENTS
- fixed length control field: 180216|| aca||aabn | a|a d
040 ## - CATALOGING SOURCE
- Original cataloging agency: ARRUPE
- Transcribing agency: ARRUPE
100 ## - HEADING--PERSONAL NAME
- Personal name: Lloyd, Brendon W.
670 ## - SOURCE DATA FOUND
- Source citation: Work cat.: (ARRUPE)1497: Lloyd, Brendon W., Livingstone 1873-1973 /, 1973